| 000 | 00646nam a2200253Ia 4500 | ||
|---|---|---|---|
| 003 | OSt | ||
| 005 | 20220918174305.0 | ||
| 006 | a|||||r|||| 00| 0 | ||
| 007 | ta | ||
| 008 | 220917b |||||||| |||| 00| 0 eng d | ||
| 024 | _a11,478 | ||
| 037 | _cTextual | ||
| 040 |
_aARTS _cARTS _beng |
||
| 041 |
_2eng _aeng |
||
| 082 | _aM95, K4 | ||
| 100 |
_aCroy O R _949899 |
||
| 245 | 0 |
_aRetouching _b corrective technique in photography |
|
| 250 | _a4th | ||
| 260 |
_aLocal _bFocal Press _c1970 |
||
| 300 |
_a192p. plates _ccm. |
||
| 650 | _aINDUSTRIAL ARTS | ||
| 942 |
_hM95, K4 _cTEXL _2CC |
||
| 999 |
_c152577 _d152577 |
||